Bravo Hits Best Of 93 - Statistiken

Allgemein
  • Dieses Quiz wurde 66 mal gespielt
  • Das Durchschnittsergebnis liegt bei 9 aus 36
Antwortstatistiken
Song Interpret % Korrekt
What Is Love Haddaway
79%
Sing Hallelujah! Dr. Alban
72%
All That She Wants Ace Of Base
60%
What's Up 4 Non Blondes
56%
Mr. Vain Culture Beat
46%
Sascha...Ein Aufrechter Deutscher Die Toten Hosen
44%
Exterminate Snap!
40%
Informer Snow
39%
Livin' On My Own Freddie Mercury
37%
No Limit 2 Unlimited
35%
Somebody Dance With Me DJ Bobo
33%
Hope Of Deliverance Paul McCartney
33%
Ordinary World Duran Duran
28%
Would I Lie To You Charles & Eddie
26%
Oh Carolina Shaggy
26%
Hello (Turn Your Radio On) Shakespear's Sister
23%
Two Princes Spin Doctors
18%
Cats In The Cradle Ugly Kid Joe
18%
House Of Love East 17
16%
Open Sesame Leila K.
14%
Drive R.E.M.
14%
Love Sees No Colour U96
14%
The Key, The Secret Urban Cookie Collective
14%
I Feel You Depeche Mode
12%
Sweet Harmony The Beloved
12%
Summer Summer Loft
11%
Only With You Captain Hollywood Project
9%
Because The Night Co.Ro. Feat. Taleesa
9%
It Keeps Raining (Tears From My Eyes) Bitty McLean
7%
Give It Up Cut 'N' Move
7%
Rock With You Inner Circle
7%
One Night In Heaven M-People
7%
Open Your Mind U.S.U.R.A.
7%
P.ower Of A.merican N.atives Dance 2 Trance
5%
We All Need Love Double You
5%
Anytime And Anywhere Stephan Massimo & The Delicats
5%
Keine übereinstimmenden Quizze gefunden
Verteilung der Resultate
Anzahl Personen mit jedem Resultat
Perzentil nach korrekt beantworteten Fragen
Ihre Resultats-Entwicklung
Sie haben dieses Quiz noch nicht gespielt